Szczegóły MARC21

Zenobi : Roman /

003 -Nazwa inst., której nr kontr. jest w polu 001 [,]
    • @
    • Nazwa instytucji, której n kontrolny jest w polu 001
    • NUKAT
005 -DATA I CZAS OSTATNIEJ MODYFIKACJI [,]
    • @
    • pole kontrolne
    • 20241231111435.0
020 -Międzynarod. znormalizowany nr książki - ISBN [ , ]
    • a
    • Numer ISBN
    • 3530239518 Find
040 -Instytucja sporządzająca opis [ , ]
    • a
    • Instytucja, która sporządziła opis (NP)
    • SZCZ U/AB
    • b
    • Język katalogowania
    • pol
    • e
    • Zasady katalogowania
    • rda
    • c
    • Instytucja, która sporządziła rekord (NP)
    • SZCZ U/ABs
044 -Kraj miejsca wydania [ , ]
    • a
    • Kraj miejsca wydania
    • Szwajcaria
    • a
    • Kraj miejsca wydania
    • Niemcy
942 -Rodzaj dokumentu [ , ]
    • c
    • Rodzaj dokumentu
    • Książka
100 -Hasło główne - nazwa osobowa [1, ]
    • a
    • Nazwa osobowa (NP)
    • Frisch, Ephraim
    • d
    • Daty biograficzne (NP)
    • (1873-1942).
    • e
    • Rodzaj współpracy
    • Autor
    • 9
    • KHW
    • 491600
245 -Strefa tytułu i oznaczenia odpowiedzialności [1,0]
    • a
    • Tytuł
    • Zenobi : Find
    • b
    • Ciąg dalszy tytułu (NP)
    • Roman / Find
    • c
    • Pozostałe elementy strefy tytułu i oznaczenia odpowiedzialności (NP)
    • Efraim Frisch ; mit einem Nachwort von Rolf Vollmann.
260 -Strefa adresu wydawniczego [ , ]
    • a
    • Miejsce wydania (P)
    • Olten ;
    • a
    • Miejsce wydania (P)
    • Freiburg im Breisgau :
    • b
    • Nazwa wydawcy (P)
    • Walter-Verlag,
    • c
    • Data wydania (P)
    • © 1981.
300 -Strefa opisu fizycznego [ , ]
    • a
    • Określenie formy książki i/lub objętość (NP)
    • 239, [1] strona ;
    • c
    • Format (NP)
    • 18 cm.
336 -Typ zawartości [ , ]
    • a
    • Termin opisujący typ zawartości
    • Tekst
    • b
    • Kod określający zawartość
    • txt
    • 2
    • Źródło (terminu i kodu)
    • rdacontent
337 -Typ mediów [ , ]
    • a
    • Tryb odtwarzania
    • Bez urządzenia pośredniczącego
    • b
    • Kod typu mediów
    • n
    • 2
    • Źródło (terminu i kodu)
    • rdamedia
338 -Typ/rodzaj nośnika [ , ]
    • a
    • Hasło opisujące typ nośnika
    • Wolumin
    • b
    • Kod typu nośnika
    • nc
    • 2
    • Źródło (terminu i kodu)
    • rdacarrier
490 -Strefa serii i książki wielotomowej - forma nie do wyszukiwania [1, ]
    • a
    • Tytuł (P)
    • Walter Literarium ; Find
    • v
    • Numeracja (P)
    • Bd. 11
830 -Hasło dodatkowe serii i opisu książki wielotomowej - tytuł ujednolicony/tytuł [ ,0]
    • a
    • Tytuł ujednolicony/tytuł (NP)
    • Walter Literarium
    • v
    • Oznaczenie tomu (NP)
    • Bd. 11
    • 9
    • KHW
    • 501498
655 -Hasło w funkcji tematu formalnego [ ,7]
    • a
    • Hasło
    • Powieść niemiecka
    • y
    • Określnik chronologiczny
    • 1900-1945.
    • 2
    • Źródło terminu
    • kaba
    • 9
    • KHW
    • 358654
700 -Hasło dodatkowe - nazwa osobowa [1, ]
    • a
    • Nazwa osobowa (NP)
    • Vollmann, Rolf Find
    • d
    • Daty biograficzne (NP)
    • (1934- ).
    • e
    • Określenie rodzaju współpracy
    • Posłowie
    • 9
    • KHW
    • 492904
710 -Hasło dodatkowe - nazwa ciała zbiorowego [2, ]
    • a
    • Nazwa ciała zbiorowego lub nazwa geograficzna jako pierwszy element (NP)
    • Walter Verlag (1916-1992).
    • e
    • Rodzaj współpracy
    • Wydawca
    • 4
    • Kod relacji
    • pbl
    • 9
    • KHW
    • 402765
920 -ISBN [ , ]
    • a
    • ISBN
    • 3-530-23951-8 Find
Obwoluta Sygnatura Status udost. Numer inwentarzowy Lokalizacja Data inwentaryzacji
1Germ. Literatura austriacka-3BC.12319BM2019-03-13